Football - Qui est le Buteur #1 - Statistiques

Statistiques générales
  • Ce quiz a été pris 667 fois
  • Le résultat moyen est 10 sur 15
Statistiques - réponses
Indices Buteurs % Correct
Coup franc / Espagne / Phase de poule de Coupe du Monde Cristiano Ronaldo
90%
Coup franc / Liverpool / Demi-finale de LDC Lionel Messi
90%
Reprise de volée / Argentine / Finale de Coupe du Monde Kylian Mbappé
89%
Tête / Paris Saint-Germain / Finale de LDC Kingsley Coman
87%
Panenka / Manchester City / Demi-finale de LDC Karim Benzema
83%
Penalty / Tottenham / Finale de LDC Mohamed Salah
76%
Coup franc / OM / Dernière seconde en Ligue 1 Edison Cavani
74%
Seul but du match / Pays-Bas / Finale de Coupe du Monde Andrés Iniesta
73%
Reprise de volée / Bayer Leverkusen / Finale de LDC Zinedine Zidane
70%
Corner joué rapidement puis une frappe / FC Barcelone / Demi-finale de LDC Divock Origi
69%
Grosse frappe à 25m / Angleterre / Quart de finale de Coupe du Monde Aurélien Tchouaméni
60%
Retourné / Manchester City / Premier League Wayne Rooney
60%
But de la qualification / Paris Saint-Germain / 8èmes de finale de LDC Sergi Roberto
39%
Centre / Biélorussie / Qualifications Coupe du Monde Christophe Jallet
29%
Grosse frappe / Paris Saint-Germain / 8èmes de finale de LDC Erling Haaland
29%
Aucun quiz correspondant
Distribution des résultats
% des personnes avec chaque résultat
Percentile par nombre de réponses
Votre historique - résultats
Vous n’avez pas pris ce quiz